| 000 | 00959cab a2200337 4500 | ||
|---|---|---|---|
| 001 | ABS56819 | ||
| 008 | 090401t1997 xxu||||| |||| 00| 0 eng d | ||
| 035 | _a(Sirsi) u77907 | ||
| 041 | _aeng | ||
| 245 | _aFocus `97: Hertfordshire | ||
| 260 | _c1997 | ||
| 350 | _a0 | ||
| 490 |
_aEstates Gazette _v(9715) 12 April 1997, 93-129(16) |
||
| 650 | _aA1 CORRIDOR | ||
| 650 | _aA10 CORRIDOR | ||
| 650 | _aCHESHUNT | ||
| 650 | _aFROGMORE ESTATES | ||
| 650 | _aHEMEL HEMPSTEAD | ||
| 650 | _aHERTFORDSHIRE | ||
| 650 | _aINDUSTRIAL MARKET | ||
| 650 | _aLEAVESDEN | ||
| 650 | _aPROPERTY-COMMERCIAL PROPERTY-OFFICE PROPERTY-OFFICE PROPERTY MARKET | ||
| 650 | _aRESIDENTIAL MARKET | ||
| 650 | _aPROPERTY-COMMERCIAL PROPERTY-RETAIL PROPERTY-RETAIL PROPERTY MARKET | ||
| 650 | _aST ALBANS | ||
| 650 | _aSTEVENAGE | ||
| 650 | _aWATFORD | ||
| 690 | _aPROPERTY-COMMERCIAL PROPERTY-COMMERCIAL PROPERTY MARKET | ||
| 942 | _n0 | ||
| 948 | _c23/04/1997 | ||
| 999 |
_c48991 _d48991 |
||